| 000 | 01184cab a22002055a 4500 | ||
|---|---|---|---|
| 001 | L147310 | ||
| 008 | 090428e20090424xxkad f s 000 0 eng d | ||
| 035 | _a(Sirsi) u147310 | ||
| 041 | 0 | _aeng | |
| 100 | 1 | _aMcMeeken, Roxane | |
| 245 | 0 | 4 | _aThe 2009 consultants' salary guide |
| 260 | _c2009 | ||
| 490 | 0 |
_aBuilding _v274 (8576) 24 April 2009, 44-49 (6) |
|
| 520 | _aDiscusses results from the 2009 "Hays Construction and Property" consultants' salary guide. Reveals that due to the current recession, most firms are not recruiting and salaries are reduced. Salary tables show: top five salary increases between April 2008 and 2009; top five salary decreases between April 2008 and 2009; average pay for water engineers, structural engineers, civil and structural CAD technicians, architects, architectural CAD technicians, architectural technologists, interior designers, landscape architects, quantity surveyors, and building surveyors. Salaries are broken down by UK region. | ||
| 590 | _aKA | ||
| 650 | 2 | 4 | _aHAYS CONSTRUCTION/PROPERTY CONSULTANTS' SALARY GUIDE |
| 651 | 4 |
_aUnited Kingdom _y |
|
| 690 | _aCAREERS, EDUCATION AND TRAINING-SURVEYING APPOINTMENTS | ||
| 942 | _n0 | ||
| 999 |
_c81479 _d81479 |
||